Noise control in building : A guide for architects and engineers

Bibliographic Details
Other Authors: Harris, Cyril M
Format: Book
Published: New York : McGraw-Hill , 1994
Subjects:

MARC

LEADER 00000cam a2200000 7i4500
001 0000003020
002 000003269
005 20000330.0
020 |a 0070268878 
090 0 0 |a 693.834   |b NOI 
245 0 0 |a Noise control in building :   |b A guide for architects and engineers   |c edited by Cyril M.Harris 
260 |a New York :   |b McGraw-Hill ,   |c 1994 
300 |a p.v ;   |c 23cm. 
650 0 0 |a Soundproofing 
700 1 |a Harris, Cyril M 
999 |a 036599   |b BUKU   |c PINJAMAN   |e PERPUSTAKAAN KOMUNITI PETALING JAYA